| 000 | 01272nam a22002177a 4500 | ||
|---|---|---|---|
| 008 | 090816t xxu||||| |||| 00| 0 eng d | ||
| 020 | _a9770186325 | ||
| 082 |
_220 _a320.941 _bس م ى |
||
| 100 |
_98466 _aعبد السميع , عمرو. |
||
| 245 |
_aحوارات حول المستقبل : _bالأحاديث البريطانية / _cعمرو عبد السميع. |
||
| 250 | _bط خاصة تصدره الدار المصرية اللبنانية ضمن مشروع مكتبة الأسرة. | ||
| 260 |
_aالقاهرة : _bالهيئة المصرية العامة للكتاب , _c2003. |
||
| 300 |
_a375 ص؛ _c25 سم. |
||
| 490 | _aمكتبة الأسرة ,سلسلة الأعمال الخاصة. | ||
| 650 |
_98463 _aالسياسيون البريطانيون |
||
| 650 |
_98464 _aبريطانيا - أحوال سياسية. |
||
| 650 |
_98465 _aبريطانيا - العلاقات الثقافية. |
||
| 942 |
_2ddc _cBB |
||
| 999 |
_c12592 _d12592 |
||